Datum a čas kvízu
21.5
Celkem bodů
Celkový počet nahraných bodů na tomto kvízu bez doplňovacích otázek.
10.
Pořadí na kvízu
Konečné umístění týmu na tomto kvízu.
Zaznamenané odpovědi
| # | Otázka | Odpověď | Body | Výsledky |
|---|---|---|---|---|
| 1. | Minulý týden kolovaly internet... | B | 1 | |
| 2. | V úterý přijali europoslanci p... | USB-C, 2024 | 0.5 | |
| 3. | Minulý týden proběhlo internet... | Bílý balet | 1 | |
| 4. | Nobelovu cenu za fyziku letos... | C) teleportace | 1 | |
| 5. | V neděli proběhl již 132. roč... | Mr Spex | 0 | |
| 6. | Podívejme se nejprve na velblo... | C | 0 | |
| 7. | Přiřaďte správné výrazy k jeji... | 1B 2D 3A 4C | 1 | |
| 8. | České slovo velbloud ukazuje,... | C | 0 | |
| 9. | Tři veteráni jsou pohádková kl... | Rudolf Hrušínský | 0 | |
| 10. | Velblouda má ve znaku město Pl... | husitům (sirotkům) | 0 |